000 00641nam a2200229Ia 4500
003 OSt
005 20230518154409.0
008 210423s2012 xx 000 0 und d
020 _a978-81-8054-529-0
040 _cAL
041 _aeng
082 _a657.48
_223
_b MAHF
100 _aMAHESHWARI (S N);MAHESHWARI (Sharad K)
_9108869
245 _aFinancial and management accounting
260 _aNew Delhi
_bSultan Chand & Sons
_c2012
300 _avii,d.7p
_bPB
365 _b300
_cINR
650 _aAccounting
_9108870
650 _aFinancial Accounting
_9108871
906 _aaccounting ; Financial ; management
942 _2ddc
_cBK
999 _c166773
_d166773